| 000 | 00949nmc a2200301 a 4500 | ||
|---|---|---|---|
| 003 | AR-BaBNM | ||
| 005 | 20251128203441.0 | ||
| 008 | 037019s1982 ||||||||||||||000 | spa|| | ||
| 040 | _cAR-BaBNM | ||
| 100 | 1 | _aCaillet-Bois, Ricardo Rodolfo | |
| 245 | 1 | 0 | _aUna tierra argentina, las Islas Malvinas |
| 260 |
_aBuenos Aires _bAcademia Nacional de la Historia _c1982 |
||
| 300 | 0 | _a456 p. | |
| 490 | 0 |
_aBiblioteca de historia argentina y americana _vv. 19 |
|
| 500 | 0 | _aContiene apéndice p. 409-426 | |
| 504 | _aBibliografĂa consultada p. 427-453 | ||
| 650 | 4 | _aHISTORIA ARGENTINA | |
| 650 | 4 | _aHISTORIA POLITICA ARGENTINA | |
| 650 | 4 | _aHISTORIA DE LAS RELACIONES INTERNACIONALES | |
| 650 | 4 | _aPERIODO HISPANICO | |
| 650 | 4 | _aPERIODO INDEPENDIENTE | |
| 650 | 4 | _aMISIONES DIPLOMATICAS | |
| 651 | 4 | _aIslas Malvinas | |
| 653 | 0 | _aCONFLICTOS LIMITROFES | |
| 700 | 1 |
_aBarba, Enrique M. _eprologuista |
|
| 942 | _cBK | ||
| 998 | _cMariana | ||
| 999 |
_c3443 _d3443 |
||